V sieti služieb podnikateľom Už aj Francúzsko-slovenská obchodná komora
Účasť Francúzsko-slovenskej obchodnej komory (FSOK) pri vytváraní kontaktov našich podnikateľov v prospech ich integrácie s hospodárskym dianím v Európe. Oblasti vzájomnej spolupráce. Spoločné aktivity tejto zmiešanej obchodnej komory. Formovanie členskej základne. Poslanie Francúzsko-slovenskej obc...
Salvato in:
| Autore principale: | |
|---|---|
| Natura: | Capitolo di libro |
| Lingua: | slovacco |
| Soggetti: | |
| Tags: |
Nessun Tag, puoi essere il primo ad aggiungerne!!
|
MARC
| LEADER | 00000naa a2200000 4500 | ||
|---|---|---|---|
| 001 | r016520 | ||
| 005 | 20221213114303.5 | ||
| 041 | 0 | |a slo | |
| 044 | |a SK | ||
| 245 | 1 | 0 | |a V sieti služieb podnikateľom |b Už aj Francúzsko-slovenská obchodná komora |c A. Szabo |
| 520 | |a Účasť Francúzsko-slovenskej obchodnej komory (FSOK) pri vytváraní kontaktov našich podnikateľov v prospech ich integrácie s hospodárskym dianím v Európe. Oblasti vzájomnej spolupráce. Spoločné aktivity tejto zmiešanej obchodnej komory. Formovanie členskej základne. Poslanie Francúzsko-slovenskej obchodnej komory. Rozvoj francúzsko-slovenských hospodárskych a medziodvetvových vzťahov. Ponuka služieb Francúzsko-slovenskej obchodnej komory. | ||
| 610 | 2 | 0 | |a komory obchodné |
| 610 | 2 | 0 | |a FSOK |
| 610 | 2 | 0 | |a Francúzsko |
| 610 | 2 | 0 | |a Slovensko |
| 610 | 2 | 0 | |a služby podnikateľské |
| 610 | 2 | 0 | |a služby obchodné |
| 610 | 2 | 0 | |a podnikanie |
| 610 | 2 | 0 | |a informácie obchodno-ekonomické |
| 100 | 1 | |a Szabo, A. | |